MLB the Show 22 part 2 - Statistics

General Stats
  • This quiz has been taken 3 times
  • The average score is 1 of 58
Answer Stats
Name Answer % Correct
Corbin Carrol 124c-96p-74v
67%
Ozzie Smith 105c-72p-105v
33%
Mitch Haniger 100c-118p-81v
0%
Julio Rodriguez 101c-118p-94v
0%
Grady Sizemore 104c-94p-88v
0%
Babe Ruth 106c-107p-81v
0%
Yadier Molina 107c-72p-117v
0%
Harold Baines 108c-97p-106v
0%
Frank Thomas 109c-125p-107v
0%
Juan Soto 109c-125p-92v
0%
Rickey Henderson 109c-32p-99v
0%
Giancarlo Stanton 110c-125p-77v
0%
David Ortiz 110c-125p-85v
0%
Liover Peguero 113c-103p-73v
0%
Joey Meneses 114c-104p-101v
0%
Jose Altuve 114c-106p-117v
0%
Albert Pujols 115c-125p-114v
0%
Tony Perez 115c-92p-113v
0%
Johnny Damon 115c-93p-109v
0%
Tony Gwynn 117c-37p-117v
0%
Bobby Witt Jr. 118c-106p-102v
0%
Eric Davis 118c-124p-71v
0%
D.J. LeMahieu 118c-125p-123v
0%
Robin Yount 118c-75p-117v
0%
Jorge Polanco 119c-120p-99v
0%
Xander Bogaerts 120c-100p-111v
0%
Ken Griffey Sr. 121c-76p-121v
0%
Kyle Tucker 123c-118p-107v
0%
Jacob Stalling 123c-125p-75v
0%
Lourdes Gurriel Jr. 123c-93p-88v
0%
Frank Schwindell 124c-125p-106v
0%
Gary Sheffield 125c-104p-92v
0%
Alan Trammell 125c-106p-116v
0%
Freddie Freeman 125c-107p-109v
0%
Nolan Arenado 125c-109p-125v
0%
Chipper Jones 125c-112p-100v
0%
Salvador Perez 125c-112p-85p
0%
Jesse Winker 125c-118p-105v
0%
Billy Williams 125c-125p-124v
0%
Aaron Judge 125c-125p-62v
0%
Nick Castellanos 125c-125p-81v
0%
Tim Anderson 125c-125p-92v
0%
Richie Ashburn 125c-56p-125v
0%
Juan Pierre 125c-58p-125v
0%
Jose Iglesias 125c-60p-116v
0%
Lou Brock 125c-76p-107v
0%
Brian Roberts 125c-88p-115v
0%
Miguel Caberea 125c-97p-95v
0%
Daniel Vogelbach 68c-116p-56v
0%
Andrelton Simmons 71c-96p-125v
0%
Fernando Tatis Jr. 75c-105p-52v
0%
Byron Buxton 75c-120p-55v
0%
Jonny Gomes 77c-125p-76v
0%
Geovanny Soto 84c-125p-71v
0%
Cavan Biggio 92c-100p-60v
0%
Luis Urias 92c-102p-75v
0%
Curtis Granderson 96c-125p-77v
0%
Elly De La Cruz 99c-111p-51v
0%
No matching quizzes found
Score Distribution
Percent of People with Each Score
Percentile by Number Answered
Your Score History
You have not taken this quiz